Harry Potter Loves... Quiz Stats

Quiz not verified by Sporcle

Challenge
Share
Tweet
Embed
Score 0/30 Timer 05:00
1 Play Today
Category Answer % Correct
PeopleRonald Weasley
99.2%
PeopleLily Evans Potter
99.2%
PeopleGinny Weasley Potter
99.1%
PeopleSirius Black
99%
PeopleHermione Granger Weasley
99%
PeopleJames Potter
98.9%
PeopleAlbus Severus Potter
98.1%
PlacesHogwarts School of Witchcraft and Wizardry
97%
ThingsHedwig
90.3%
PeopleTeddy Lupin
89.4%
ThingsQuidditch
89%
PlacesHogsmeade
87.9%
PeopleJames Sirius Potter
87.2%
PeopleLily Luna Potter
85.9%
PlacesDiagon Alley
85.8%
Category Answer % Correct
ThingsNimbus 2000
85.3%
ThingsFirebolt
81.7%
ThingsDefence Against the Dark Arts
75.8%
Thingsbutterbeer
73.4%
PlacesGryffindor common room
70.7%
PlacesHoneydukes Sweetshop
68.7%
PlacesQuidditch pitch
66.7%
PlacesThe Burrow
63.9%
PlacesRoom of Requirement
62.4%
ThingsInvisibility Cloak
61.4%
ThingsQuidditch Through the Ages
39.3%
PlacesQuality Quidditch Supplies
35.2%
Thingstreacle tart
30.9%
PlacesWeasleys' Wizard Wheezes
29.4%
ThingsMarauders' Map
14%

You're not logged in!

Compare scores with friends on all Sporcle quizzes.
Join for Free
OR
Log In

You Might Also Like...

Show Comments

Extras

Top Quizzes Today


Score Distribution

Your Account Isn't Verified!

In order to create a playlist on Sporcle, you need to verify the email address you used during registration. Go to your Sporcle Settings to finish the process.

Report this User

Report this user for behavior that violates our Community Guidelines.

Details: